Sports Quiz

Random Sports or Baseball Quiz

Diamondbacks A-Z II Quiz Stats

 Plays Quiz not verified by Sporcle

Support Sporcle.
Go Orange.
Score 0/25 Timer 05:00
0 Plays Today
% Correct
Luis Gonzalez
95.5%
Justin Upton
94%
Byung-Hyun Kim
89.6%
Chris Iannetta
88.1%
Dan Haren
83.6%
Fernando Rodney
79.1%
Buck Showalter
79.1%
Adam Dunn
77.6%
Ernie Young
73.1%
Brandon Webb
71.6%
Nick Ahmed
70.1%
Chad Qualls
70.1%
Eric Byrnes
67.2%
% Correct
Tony Clark
65.7%
Conor Jackson
62.7%
Russ Ortiz
56.7%
Adam LaRoche
55.2%
Chad Tracy
53.7%
J.J. Putz
52.2%
David Eckstein
47.8%
Javier Vazquez
40.3%
Raul Mondesi
38.8%
Andy Fox
34.3%
Wil Nieves
26.9%
Mike Zagurski
25.4%

You're not logged in!

Compare scores with friends on all Sporcle quizzes.
OR
Log In

From the Vault

Disappearing Act: Science

by BanjoZebra

Science is one of the few things we'd rather not disappear in this day and age.
Remove Ads.
Support Sporcle.
Get the best of Sporcle when you Go Orange. This ad-free experience offers more features, more stats, and more fun while also helping to support Sporcle. Thank you for becoming a member.

Show Comments

Extras

Top Quizzes Today


Score Distribution

Your Account Isn't Verified!

In order to create a playlist on Sporcle, you need to verify the email address you used during registration. Go to your Sporcle Settings to finish the process.

Report this User

Report this user for behavior that violates our Community Guidelines.

Details: